00450nam a2200121Ia 45000010005000000080041000050820020000461000053000662450118001192600048002379010028002859990015003133055241024s9999 xx 000 0 und d aRD/374.04/R426r aRepública Dominicana.Ministerio de Educación 0aConsultoría Jurídica. Recursos de Impugnación al Procedimiento de Urgencia ME-CD-69-2012 y ME-CD-72-2012-GD bSanto Domingo, República Dominicanac2012 a23/7/2013 11:18:38 a.m. c8501d8501